The control of industry
Bewaard in:
| Hoofdauteur: | |
|---|---|
| Formaat: | Boek |
| Taal: | Engels |
| Gepubliceerd in: |
Londres
Nisbet
1923
|
| Onderwerpen: | |
| Tags: |
Voeg label toe
Geen labels, Wees de eerste die dit record labelt!
|
MARC
| LEADER | 00000nam a2200000 a 4500 | ||
|---|---|---|---|
| 001 | UCQ0688 | ||
| 003 | CL-VaPUC | ||
| 008 | 980703e19230000UK |||||||||||||||||eng|d | ||
| 082 | 0 | 4 | |a 658.001 |b ROB |2 21 |
| 100 | 0 | |a Robertson, D. H |e author |9 413973 | |
| 245 | 1 | 4 | |a The control of industry |
| 300 | |a 169 p | ||
| 942 | |c BK | ||
| 945 | |d 19980703 00:00:00 |a cmena | ||
| 260 | |a Londres |b Nisbet |c 1923 | ||
| 650 | 0 | |a Industrias |9 263688 | |
| 650 | 0 | |a Filosofía de las ciencias |9 256466 | |
| 650 | 0 | |a Capitalismo |9 255255 | |
| 650 | 0 | |a Industrialización |9 263687 | |
| 650 | 0 | |a Administración de empresas |9 260833 | |
| 650 | 0 | |a Marketing |9 259324 | |
| 650 | 0 | |a Administración financiera |9 261146 | |
| 650 | 0 | |a Comunismo |9 255588 | |
| 583 | |a last modification |c 19980703 00:00:00 |k Rodrigo Vera | ||
| 999 | |c 271725 |d 271723 | ||
| 952 | |0 0 |1 0 |4 0 |6 658_001000000000000_ROB_1923 |7 0 |8 P |9 306472 |a BIBGIM |b BIBGIM |d 2019-11-20 |i 1430246 |o 658.001 ROB 1923 |p 1430246 |r 2025-01-15 |w 2019-11-20 |y BK |k COM | ||